000
00309nam a22001337a 4500
003
OSt
005
20170105103447.0
008
131204t xxu||||| |||| 00| 0 eng d
020
_a
81-7754-288-5
040
_c
ASAB
100
_a
Mohana Swamy
_9
405
245
_a
Agro's Dictionary of Dairy Science
942
_2
ddc
_c
BK
999
_c
16677
_d
16677